| 000 | 01353cad a22002535a 4500 | ||
|---|---|---|---|
| 001 | L137597 | ||
| 008 | 070417s2007 xxkdo f 000 0 eng d | ||
| 035 | _a(Sirsi) u137597 | ||
| 041 | 0 | _aeng | |
| 050 | 0 | 4 | _a621.45 $2 18 |
| 100 | 1 | _aDent, Peter | |
| 110 | 2 |
_aRoyal Institution of Chartered Surveyors _94900 |
|
| 245 | 0 | 0 |
_aWhat is the impact of wind farms on house prices? _h[electronic resource] |
| 260 |
_aLondon _bRICS _c2007 |
||
| 490 | 0 | _aRICS Findings in Built and Rural Environments | |
| 520 | _aExamines a number of sites in Cornwall to determine whether wind farms have a negative impact on residential property values. Despite initial evidence to this effect it was found that there were generally other factors involved. Any impact was most significant for terraced and semi-detached house and those properties located within a mile of the farm. Found that wind farm developers avoided the problem to a certain extent by siting their developments where they would have minimal impact on property prices. | ||
| 590 | _aKA NTK | ||
| 651 | 4 |
_aUnited Kingdom _y |
|
| 690 | _aPROPERTY-RESIDENTIAL PROPERTY-RESIDENTIAL PROPERTY MARKET | ||
| 700 | 1 | _aSims, Sally | |
| 710 | 1 |
_aOxford Brookes University _9281 |
|
| 856 | 4 | 8 |
_uhttps://www.rics.org/site/scripts/download_info.aspx?downloadID=3171 _zBroken link - not available |
| 942 | _n0 | ||
| 999 |
_c106841 _d106841 |
||